| 000 | 00597nam a2200277Ia 4500 | ||
|---|---|---|---|
| 005 | 20260401122421.0 | ||
| 008 | 008 250103s9999 xx 000 0 eng d | ||
| 020 | _a9780415433099 | ||
| 037 | _aTB | ||
| 040 | _aEDL | ||
| 040 | _beng | ||
| 040 | _cEDL | ||
| 041 | _2eng | ||
| 041 | _aeng | ||
| 084 | _a301.01 BAD | ||
| 084 | _qEDL | ||
| 245 | 0 | _aRoutledge critical and cultural theory reader | |
| 260 | _aLondon | ||
| 260 | _bRoutledge | ||
| 260 | _c2008 | ||
| 300 | _a452p | ||
| 942 | _cTB | ||
| 942 | _h301.01 BAD | ||
| 999 |
_c1847137 _d1847137 |
||